| 000 | 00663nam a22002417a 4500 | ||
|---|---|---|---|
| 001 | 00105 | ||
| 003 | DO-SdBNP | ||
| 005 | 20180202144830.0 | ||
| 007 | 00105 | ||
| 008 | 160317b sp 2009 |||| |||| 00| 0 spa d | ||
| 020 | _a9788408089001 | ||
| 040 |
_aBPMSU _bspa _cBPMSU |
||
| 092 |
_axxxxxxx _bxxxxxxx |
||
| 245 | 0 | 0 |
_aPatito feo : _b el poder de la amistad / _ctraducción Noelia Palacios. |
| 260 |
_aEspaña : _bPlaneta, _c2009 |
||
| 300 |
_a121 p. : _bil., _c19 cm. |
||
| 490 | 1 |
_aPlaneta junior _v2 |
|
| 700 | 1 | 2 |
_aPalacios, Noelia, _etr |
| 830 | 0 |
_aPaneta junior _n2 |
|
| 942 |
_2ddc _cBK |
||
| 945 | _aInventariado, 2018 /LP | ||
| 956 |
_aBrenda Tavárez _b10 |
||
| 999 |
_c9289 _d9289 |
||